000 00687nam a2200289Ia 4500
005 20260324120200.0
008 008 260324s9999 xx 000 0 eng d
020 _a9780429171956
037 _aEBOOK
040 _aCRL
040 _beng
040 _cCRL
041 _2eng
041 _aeng
084 _qCRL
100 _aMohssen Mohammed; Habib-ur Rehman
_91157559
245 0 _aHoneypots and Routers
245 0 _bCollecting Internet Attacks
260 _bTaylor and Francis
260 _c2015
365 _a
365 _b135
856 _uhttp://www.taylorfrancis.com/books/9780429171956
942 _cEBOOK
999 _c1748938
_d1748938